000 00835nam a2200313 a 4500
003 AR-BaBNM
005 20251128204105.0
008 082120s2002 ||||||||||||||000 | spa||
020 _a950-25-0109-8
040 _cAR-BaBNM
100 1 _aRecalde, Héctor
245 0 0 _aLa iglesia y la cuestión social
_b1874-1910
260 _aBuenos Aires
_bCentro Editor de América Latina
_c1985
300 _a157 p.
490 0 _aBiblioteca política Argentina
_vv. 110
600 0 4 _aLeón
610 2 4 _aIGLESIA CATOLICA
650 4 _aIGLESIA CATOLICA
650 4 _aCONFLICTO LABORAL
650 4 _aCONFLICTO SOCIAL
650 4 _aTRABAJADORES
650 4 _aLIBERALISMO
650 4 _aSOCIALISMO
650 4 _aIGLESIA Y ESTADO
653 _aENCICLICAS
800 1 _aTroncoso, Oscar
_edirector
942 _cBK
998 _cENRIQUE
999 _c6131
_d6131